000 00507 a2200169 4500
003 OSt
005 20240123123022.0
008 240123b |||||||| |||| 00| 0 eng d
040 _coclc
082 _a954.83
_bCHE/M
100 _aCherumuttam, Umair Bukhari
_910306
245 _aMalabar Samaram Rakthasakshi Nigandu /
_cUmair Bukhari Cherumuttam
250 _a1st ed.
260 _aCalicut:
_bIPB Books,
_c2021.
300 _a102p.
942 _2ddc
_cBK
_h954.83
_iCHE/M
_k954.83
_mCHE/M
999 _c43301
_d43301